[Event "37th Belgrade Trophy 2024"]
[Site "Belgrade"]
[Date "2024.11.23"]
[Round "1.5"]
[White "Bozic, Andrej"]
[Black "Sutormin, Danila"]
[Result "0-1"]
[WhiteElo "1859"]
[BlackElo "2394"]
[Annotator "TA"]
[PlyCount "92"]
[EventDate "2024.11.23"]
[EventCountry "SRB"]
[SourceTitle "playchess.com"]
[Source "ChessBase"]
[SourceQuality "1"]
[TimeControl "40/5400+30:900+30"]

{[%evp 21,92,-23,-9,-15,-29,-61,-51,-85,-88,-89,-36,-110,0,-10,17,-106,-108,-99,-126,-118,-81,-123,-112,-130,-129,-137,-146,-151,-146,-258,-262,-245,-249,-256,-221,-286,-286,-320,-316,-313,-306,-306,-301,-302,-315,-337,-301,-283,-288,-345,-333,-351,-326,-332,-328,-341,-299,-347,-367,-324,-246,-392,-374,-367,-366,-358,-277,-378,-377,-1329,-1282,-5365,-5365]} 1. e4 {[%emt 0:00:05]} c5 {[%emt 0:01:40]} 2. Nf3 {[%emt 0:00:06]} a6 {[%emt 0:00:26]} 3. d4 {[%emt 0:03:29]} cxd4 {[%emt 0:00:07]} 4. Nxd4 {[%emt 0:00:04]} Nf6 {[%emt 0:00:08]} 5. Nc3 {[%emt 0:00:17]} e5 {[%emt 0:00:16]} 6. Nb3 {[%emt 0:01:43]} d6 {[%emt 0:11:46]} 7. f3 {[%emt 0:06:26]} Be6 {[%emt 0:00:25]} 8. Be3 {[%emt 0:00:30]} Nbd7 {[%emt 0:02:18][%cal Bb8d7,Bd7b6,Bb6c4][%mdl 32]} 9. Be2 {[%emt 0:04:37]} Be7 {[%emt 0:01:27]} 10. Qd2 {[%emt 0:03:43]} O-O {[%emt 0:00:21]} 11. O-O {[%emt 0:00:19]} b5 {[%emt 0:12:42]} 12. Bf2 {[%emt 0:07:33]} Nb6 {[%emt 0:08:32]} 13. Bd3 {[%emt 0:17:41]} Qc7 {[%emt 0:05:18]} 14. Qe2 {[%emt 0:03:37]} Nc4 {[%emt 0:09:46]} 15. Rab1 {[%emt 0:04:32]} Rfc8 {[%emt 0:05:46]} (15... Nxb2 $17 16. Nxb5 axb5 17. Rxb2 b4) 16. Rfe1 {[%emt 0:06:28]} (16. Nd2 $15) 16... b4 {[%emt 0:09:02]} (16... Nxb2 $1 $17 17. Nxb5 axb5 18. Rxb2 b4) 17. Nd1 {[%emt 0:04:20][%cal Ob3c5]} (17. Na4 $5) 17... a5 {[%emt 0:01:07]} 18. Ne3 {[%emt 0:10:35]} (18. Nc5 $1 $11 {keeps the balance.}) 18... Nxe3 $17 {[%emt 0:00:31]} 19. Qxe3 {[%emt 0:00:11]} a4 $36 {[%emt 0:01:17][%mdl 2048] Black is in control.} 20. Nc1 {[%emt 0:02:57]} Nd7 {[%emt 0:05:21] Black is more active.} 21. a3 {[%emt 0:04:28]} bxa3 {[%emt 0:01:49]} 22. bxa3 {[%emt 0:02:24]} h6 {[%emt 0:01:54]} 23. Qd2 {[%emt 0:02:52]} Bg5 {[%emt 0:02:15]} 24. Be3 {[%emt 0:00:25]} Qc5 {[%emt 0:03:45]} 25. Bxc5 {[%emt 0:02:51]} (25. Ra1 $17) 25... Bxd2 $19 {[%emt 0:00:09]} 26. Bb4 {[%emt 0:04:13]} Bxe1 {[%emt 0:00:06]} 27. Bxe1 {[%emt 0:00:03]} Nc5 {[%emt 0:00:06]} 28. Bb4 {[%emt 0:01:38]} Nxd3 {[%emt 0:00:39]} 29. cxd3 {[%emt 0:00:09]} Rc2 {[%emt 0:00:30] And now ...Rac8 would win. Inhibits Ne2.} 30. Kf1 {[%emt 0:00:30]} d5 {[%emt 0:00:30]} 31. exd5 {[%emt 0:00:30]} Bxd5 {[%emt 0:00:30]} 32. Ne2 {[%emt 0:00:30]} Rac8 {[%emt 0:00:30]} 33. Rd1 {[%emt 0:00:30]} f6 {[%emt 0:00:30]} 34. Kf2 {[%emt 0:00:30]} Bb3 {[%emt 0:00:30][%cal Oc2e2]} 35. Re1 {[%emt 0:00:30]} Rb2 {[%emt 0:00:30]} 36. Ke3 {[%emt 0:00:30]} Bf7 {[%emt 0:00:30]} 37. h4 {[%emt 0:00:30]} Be8 {[%emt 0:00:30]} 38. g3 {[%emt 0:00:30]} Bb5 {[%emt 0:00:30]} 39. Rd1 {[%emt 0:00:30]} Rcc2 {[%emt 0:00:30][%csl Gb2][%cal Rc2e2]} 40. Re1 {[%emt 0:00:30]} Kf7 {[%emt 0:00:30]} 41. f4 {[%emt 0:15:30]} (41. h5 $142) 41... exf4+ {[%emt 0:15:30]} 42. Nxf4 {[%emt 0:00:30]} Rc8 {[%emt 0:00:30]} 43. Kd4 {[%emt 0:00:30]} Rc7 {[%emt 0:00:30] Prevents Re7+} 44. Re3 {[%emt 0:00:30]} Rb3 {[%emt 0:00:30]} 45. Ke4 $2 {[%emt 0:00:30] [#]} (45. Nd5 Rd7 46. Kc5) 45... Rxb4+ $1 {[%emt 0:00:30][%mdl 512]} 46. axb4 {[%emt 0:00:30]} (46. Kf3 Rb3) 46... Re7+ {[%emt 0:00:30]} 0-1

[Event "37th Belgrade Trophy 2024"]
[Site "Belgrade"]
[Date "2024.11.23"]
[Round "1.6"]
[White "Xie, Jianjun"]
[Black "Li, Zhanjia"]
[Result "1-0"]
[WhiteElo "2361"]
[BlackElo "1859"]
[Annotator "TA"]
[PlyCount "45"]
[EventDate "2024.11.23"]
[EventCountry "SRB"]
[SourceTitle "playchess.com"]
[Source "ChessBase"]
[SourceQuality "1"]
[TimeControl "40/5400+30:900+30"]

{[%evp 23,45,14,12,12,31,14,30,38,43,24,49,46,65,62,97,95,206,202,308,300,300,297,424,415]} 1. e4 {[%emt 0:00:47]} e5 {[%emt 0:00:33]} 2. Nf3 {[%emt 0:00:07]} Nf6 {[%emt 0:00:07]} 3. Nxe5 {[%emt 0:01:21]} d6 {[%emt 0:00:13]} 4. Nf3 {[%emt 0:00:06]} Nxe4 {[%emt 0:00:05]} 5. d4 {[%emt 0:01:08]} d5 {[%emt 0:00:06]} 6. Bd3 {[%emt 0:00:04]} Nc6 {[%emt 0:01:28][%cal Bb8c6,Bc6b4,Bb4d5][%mdl 32]} 7. O-O {[%emt 0:00:09]} Be7 {[%emt 0:00:05]} 8. c4 {[%emt 0:00:14]} Nf6 {[%emt 0:02:44]} 9. Nc3 {[%emt 0:22:06]} O-O {[%emt 0:02:32]} 10. h3 {[%emt 0:18:22]} Nb4 {[%emt 0:10:40]} 11. Be2 {[%emt 0:00:27]} dxc4 {[%emt 0:02:07]} 12. Bxc4 {[%emt 0:00:36]} c6 {[%emt 0:03:08]} (12... Nbd5 13. Re1 c6 14. Nxd5 Nxd5 15. Bxd5 cxd5 16. Qb3 Be6) 13. Ne5 {[%emt 0:01:39]} (13. Re1 {simplifies} Nbd5 14. Nxd5 Nxd5 15. Bxd5 cxd5 16. Qb3) 13... Bf5 {[%emt 0:06:09]} 14. Qf3 {[%emt 0:01:49]} Bg6 {[%emt 0:03:03]} 15. Be3 {[%emt 0:01:25]} Nbd5 {[%emt 0:03:12]} 16. Rad1 {[%emt 0:04:29]} Qd6 {[%emt 0:05:49]} 17. Bg5 {[%emt 0:04:06]} Rad8 {[%emt 0:10:05]} 18. Rfe1 {[%emt 0:00:09] White is more active.} Nxc3 {[%emt 0:06:32]} 19. bxc3 {[%emt 0:00:43]} Rfe8 {[%emt 0:06:21] [#]} (19... Rde8 $16) 20. h4 $1 $18 {[%emt 0:12:11][%cal Bh3h4,Bh4h5,Bh5g6,Bg6h7][%mdl 32]} Nd5 {[%emt 0:09:13] [#]} (20... b5 $142) 21. h5 $1 {[%emt 0:00:28]} Bxg5 {[%emt 0:03:24]} 22. hxg6 {[%emt 0:00:02]} Rf8 {[%emt 0:01:40]} (22... hxg6 {was worth a try.} 23. Nxf7 Qf6) 23. gxh7+ {[%emt 0:06:15]} ({But not} 23. gxf7+ Kh8 24. Bxd5 (24. g3 b5 $18) 24... cxd5 $18) ({Weaker is} 23. Nxf7 Qxg6 24. Ne5 (24. Bxd5 $2 Rxd5 25. Nxg5 Rxf3 $19) 24... Rxf3 $15) 1-0

[Event "37th Belgrade Trophy 2024"]
[Site "Belgrade"]
[Date "2024.11.23"]
[Round "1.7"]
[White "Lalic, Mile"]
[Black "Ivanovic, Marko"]
[Result "0-1"]
[WhiteElo "1857"]
[BlackElo "2297"]
[Annotator "RC"]
[PlyCount "140"]
[EventDate "2024.11.23"]
[EventCountry "SRB"]
[SourceTitle "playchess.com"]
[Source "ChessBase"]
[SourceQuality "1"]
[TimeControl "40/5400+30:900+30"]

1. e4 {[%emt 0:00:24]} d6 {[%emt 0:01:36]} 2. Nc3 {[%emt 0:04:10]} e5 {[%emt 0:02:23]} 3. Bc4 {[%emt 0:02:22]} Nf6 {[%emt 0:05:16]} 4. d3 {[%emt 0:03:53]} c6 {[%emt 0:00:33]} 5. a4 {[%emt 0:00:29]} Be7 {[%emt 0:00:28]} 6. Nge2 {[%emt 0:01:39]} O-O {[%emt 0:00:20]} 7. O-O {[%emt 0:00:18]} d5 {[%emt 0:00:03]} 8. Bb3 {[%emt 0:08:10]} Be6 {[%emt 0:17:20]} 9. Ng3 {[%emt 0:03:32]} Nbd7 {[%emt 0:00:12]} 10. Bg5 {[%emt 0:01:13]} h6 {[%emt 0:00:34]} 11. Bxf6 {[%emt 0:01:38]} Nxf6 {[%emt 0:00:06]} 12. Nce2 {[%emt 0:06:13]} Bc5 {[%emt 0:01:21]} 13. h3 {[%emt 0:09:43]} a5 {[%emt 0:00:47]} 14. exd5 {[%emt 0:05:44]} cxd5 {[%emt 0:01:42]} 15. Nc3 {[%emt 0:03:00]} Qb6 {[%emt 0:00:36]} 16. Nh5 {[%emt 0:03:52]} Nxh5 {[%emt 0:01:36]} 17. Qxh5 {[%emt 0:00:16]} d4 {[%emt 0:00:09]} 18. Nb5 {[%emt 0:01:21]} Bxb3 {[%emt 0:02:09]} 19. cxb3 {[%emt 0:00:10]} Rfe8 {[%emt 0:00:02]} 20. Rae1 {[%emt 0:00:47]} Bd6 {[%emt 0:01:25]} 21. f3 {[%emt 0:02:43]} Re7 {[%emt 0:01:24]} 22. Rc1 {[%emt 0:02:35]} Bb4 {[%emt 0:00:40]} 23. Rf2 {[%emt 0:02:16]} Qf6 {[%emt 0:04:11]} 24. Qg4 {[%emt 0:01:46]} g6 {[%emt 0:17:20]} 25. Re2 {[%emt 0:01:52]} Kg7 {[%emt 0:00:13]} 26. Rc4 {[%emt 0:00:58]} Rd8 {[%emt 0:00:46]} 27. h4 {[%emt 0:10:16]} h5 {[%emt 0:01:03]} 28. Qg5 {[%emt 0:03:55]} Qe6 {[%emt 0:09:34]} 29. g3 {[%emt 0:08:00]} f6 {[%emt 0:00:39]} 30. Qc1 {[%emt 0:04:06]} Qf5 {[%emt 0:00:11]} 31. Qc2 {[%emt 0:01:04]} Qxf3 {[%emt 0:00:07]} 32. Kh2 {[%emt 0:01:34]} Qg4 {[%emt 0:01:08]} 33. Rc7 {[%emt 0:00:55]} Rxc7 {[%emt 0:00:33]} 34. Qxc7+ {[%emt 0:01:06]} Qd7 {[%emt 0:00:18]} 35. Kg2 {[%emt 0:02:21]} Qxc7 {[%emt 0:00:08]} 36. Nxc7 {[%emt 0:00:02]} Rc8 {[%emt 0:00:17]} 37. Nb5 {[%emt 0:01:23]} Rc5 {[%emt 0:00:46]} 38. Kf3 {[%emt 0:00:30]} f5 {[%emt 0:00:13]} 39. Nd6 {[%emt 0:00:31]} Kf6 {[%emt 0:01:36]} 40. Nc4 {[%emt 0:00:00]} Rd5 {[%emt 0:00:00]} 41. Rg2 {[%emt 0:02:00]} Rd8 {[%emt 0:04:49]} 42. Rg1 {[%emt 0:04:36]} Re8 {[%emt 0:01:42]} 43. Rf1 {[%emt 0:02:13]} e4+ {[%emt 0:02:12]} 44. Ke2 {[%emt 0:00:22]} Ke6 {[%emt 0:00:57]} 45. Rg1 {[%emt 0:03:51]} Kd5 {[%emt 0:00:12]} 46. Rf1 {[%emt 0:01:31]} Bd6 {[%emt 0:01:05]} 47. Rg1 {[%emt 0:00:29]} Bc7 {[%emt 0:00:13]} 48. Nd2 {[%emt 0:01:35]} exd3+ {[%emt 0:00:52]} 49. Kxd3 {[%emt 0:01:09]} Re3+ {[%emt 0:00:02]} 50. Kc2 {[%emt 0:00:34]} d3+ {[%emt 0:00:12]} 51. Kd1 {[%emt 0:00:17]} Rxg3 {[%emt 0:00:25]} 52. Rh1 {[%emt 0:01:55]} Bf4 {[%emt 0:00:07]} 53. Nc4 {[%emt 0:00:24]} Rg2 {[%emt 0:00:02]} 54. Rf1 {[%emt 0:01:01]} Bh6 {[%emt 0:00:12]} 55. Re1 {[%emt 0:00:52]} Kd4 {[%emt 0:00:53]} 56. Re6 {[%emt 0:00:37]} Bf4 {[%emt 0:01:02]} 57. Ke1 {[%emt 0:01:33]} d2+ {[%emt 0:00:17]} 58. Nxd2 {[%emt 0:00:14]} Bxd2+ {[%emt 0:00:23]} 59. Kf1 {[%emt 0:00:10]} Rg4 {[%emt 0:00:06]} 60. Rb6 {[%emt 0:00:54]} Be3 {[%emt 0:00:31]} 61. Ke2 {[%emt 0:01:01]} Rg2+ {[%emt 0:00:16]} 62. Kf3 {[%emt 0:00:47]} Rf2+ {[%emt 0:00:02]} 63. Kg3 {[%emt 0:00:21]} f4+ {[%emt 0:00:01]} 64. Kh3 {[%emt 0:00:12]} Ke4 {[%emt 0:00:36]} 65. Rxg6 {[%emt 0:00:37]} Rxb2 {[%emt 0:00:21]} 66. Rg5 {[%emt 0:01:27]} Rxb3 {[%emt 0:00:07]} 67. Kh2 {[%emt 0:00:29]} f3 {[%emt 0:00:21]} 68. Rg6 {[%emt 0:00:22]} Bf4+ {[%emt 0:00:08]} 69. Kh3 {[%emt 0:00:25]} f2+ {[%emt 0:00:26]} 70. Kg2 {[%emt 0:00:11]} Rg3+ {[%emt 0:00:07]} 0-1

[Event "37th Belgrade Trophy 2024"]
[Site "Belgrade"]
[Date "2024.11.23"]
[Round "1.8"]
[White "Galojan, Lilit"]
[Black "Ristic, Ivan V"]
[Result "1-0"]
[WhiteElo "2285"]
[BlackElo "1852"]
[Annotator "RC"]
[PlyCount "67"]
[EventDate "2024.11.23"]
[EventCountry "SRB"]
[SourceTitle "playchess.com"]
[Source "ChessBase"]
[SourceQuality "1"]
[TimeControl "40/5400+30:900+30"]

1. d4 {[%emt 0:00:04]} Nf6 {[%emt 0:00:10]} 2. c4 {[%emt 0:00:15]} e6 {[%emt 0:00:09]} 3. Nc3 {[%emt 0:02:46]} d5 {[%emt 0:00:18]} 4. Bg5 {[%emt 0:00:33]} Nbd7 {[%emt 0:00:38]} 5. e3 {[%emt 0:01:34]} Be7 {[%emt 0:01:02]} 6. Rc1 {[%emt 0:00:24]} c6 {[%emt 0:01:31]} 7. Nf3 {[%emt 0:00:51]} h6 {[%emt 0:00:30]} 8. Bh4 {[%emt 0:00:29]} O-O {[%emt 0:00:25]} 9. a3 {[%emt 0:01:42]} a5 {[%emt 0:01:46]} 10. Bd3 {[%emt 0:02:53]} dxc4 {[%emt 0:01:05]} 11. Bxc4 {[%emt 0:00:08]} b5 {[%emt 0:00:06]} 12. Bd3 {[%emt 0:00:18]} Bb7 {[%emt 0:00:31]} 13. O-O {[%emt 1:25:03]} Rc8 {[%emt 0:00:35]} 14. Bxf6 {[%emt 0:00:00]} Nxf6 {[%emt 0:03:03]} 15. Ne4 {[%emt 0:00:00]} Nxe4 {[%emt 0:04:19]} 16. Bxe4 {[%emt 0:00:00]} f5 {[%emt 0:07:52]} 17. Bd3 {[%emt 0:00:00]} Bd6 {[%emt 0:02:28]} 18. Qb3 {[%emt 0:00:00]} Qf6 {[%emt 0:02:26]} 19. e4 {[%emt 0:00:00]} fxe4 {[%emt 0:04:19]} 20. Bxe4 {[%emt 0:00:00]} Kh8 {[%emt 0:02:40]} 21. Rfe1 {[%emt 0:00:00]} g5 {[%emt 0:06:06]} 22. h3 {[%emt 0:00:00]} h5 {[%emt 0:02:27]} 23. Ne5 {[%emt 0:00:00]} Bxe5 {[%emt 0:04:05]} 24. dxe5 {[%emt 0:00:00]} Qxf2+ {[%emt 0:00:41]} 25. Kh1 {[%emt 0:00:00]} Qf7 {[%emt 0:04:04]} 26. Rcd1 {[%emt 0:00:00]} Rcd8 {[%emt 0:01:19]} 27. Rd6 {[%emt 0:00:00]} Rxd6 {[%emt 0:00:23]} 28. exd6 {[%emt 0:00:00]} Qf6 {[%emt 0:07:56]} 29. d7 {[%emt 0:00:00]} Rd8 {[%emt 0:02:34]} 30. Rd1 {[%emt 0:00:00]} Kg7 {[%emt 0:03:22]} 31. Qd3 {[%emt 0:00:00]} Qe5 {[%emt 0:11:52]} 32. Rf1 {[%emt 0:00:00]} Qc5 {[%emt 0:04:05]} 33. Bh7 {[%emt 0:00:00]} Kh8 {[%emt 0:03:53]} 34. Qg6 {[%emt 0:00:00]} 1-0

[Event "37th Belgrade Trophy 2024"]
[Site "Belgrade"]
[Date "2024.11.23"]
[Round "1.9"]
[White "Zivojinovic, Branko"]
[Black "Slobodiansky, Steven"]
[Result "1-0"]
[WhiteElo "1849"]
[BlackElo "2273"]
[Annotator "RC"]
[PlyCount "119"]
[EventDate "2024.11.23"]
[EventCountry "SRB"]
[SourceTitle "playchess.com"]
[Source "ChessBase"]
[SourceQuality "1"]
[TimeControl "40/5400+30:900+30"]

1. d4 {[%emt 0:00:04]} Nf6 {[%emt 0:00:45]} 2. Nf3 {[%emt 0:00:32]} e6 {[%emt 0:00:12]} 3. Bf4 {[%emt 0:00:11]} c5 {[%emt 0:00:13]} 4. c3 {[%emt 0:00:12]} Nc6 {[%emt 0:00:09]} 5. e3 {[%emt 0:00:23]} d5 {[%emt 0:00:09]} 6. Nbd2 {[%emt 0:00:33]} Bd6 {[%emt 0:00:19]} 7. Bg3 {[%emt 0:00:12]} Bxg3 {[%emt 0:00:15]} 8. hxg3 {[%emt 0:00:16]} Qb6 {[%emt 0:00:09]} 9. Qb3 {[%emt 0:00:13]} O-O {[%emt 0:00:11]} 10. Be2 {[%emt 0:00:25]} h6 {[%emt 0:00:27]} 11. O-O {[%emt 0:00:08]} Rd8 {[%emt 0:01:19]} 12. Rfd1 {[%emt 0:00:50]} Bd7 {[%emt 0:01:31]} 13. Qa3 {[%emt 0:00:59]} cxd4 {[%emt 0:02:51]} 14. exd4 {[%emt 0:00:43]} Qc7 {[%emt 0:00:19]} 15. Rac1 {[%emt 0:01:25]} Ne4 {[%emt 0:01:10]} 16. Bd3 {[%emt 0:01:33]} f5 {[%emt 0:01:20]} 17. c4 {[%emt 0:01:04]} Qb6 {[%emt 0:03:14]} 18. c5 {[%emt 0:01:24]} Qc7 {[%emt 0:03:21]} 19. b4 {[%emt 0:00:39]} a6 {[%emt 0:00:44]} 20. Qb2 {[%emt 0:00:28]} Be8 {[%emt 0:01:35]} 21. a4 {[%emt 0:00:16]} Bh5 {[%emt 0:04:25]} 22. b5 {[%emt 0:00:25]} axb5 {[%emt 0:00:27]} 23. axb5 {[%emt 0:00:07]} Ne7 {[%emt 0:00:10]} 24. Ra1 {[%emt 0:00:47]} Ng6 {[%emt 0:06:08]} 25. b6 {[%emt 0:00:27]} Qe7 {[%emt 0:02:10]} 26. Rxa8 {[%emt 0:00:40]} Rxa8 {[%emt 0:00:07]} 27. Ra1 {[%emt 0:00:21]} Rc8 {[%emt 0:04:02]} 28. Ra7 {[%emt 0:00:13]} e5 {[%emt 0:15:27]} 29. Ba6 {[%emt 0:00:24]} Nxd2 {[%emt 0:05:07]} 30. Qxd2 {[%emt 0:01:08]} exd4 {[%emt 0:02:12]} 31. Bxb7 {[%emt 0:01:25]} Bxf3 {[%emt 0:01:43]} 32. gxf3 {[%emt 0:00:13]} Qxc5 {[%emt 0:00:33]} 33. Bxc8 {[%emt 0:00:19]} Qxb6 {[%emt 0:00:09]} 34. Qa2 {[%emt 0:00:35]} Qc5 {[%emt 0:04:15]} 35. Bxf5 {[%emt 0:00:28]} Ne5 {[%emt 0:00:24]} 36. Ra8+ {[%emt 0:00:46]} Kf7 {[%emt 0:00:04]} 37. Qa7+ {[%emt 0:00:11]} Qxa7 {[%emt 0:00:05]} 38. Rxa7+ {[%emt 0:00:05]} Kf6 {[%emt 0:00:04]} 39. f4 {[%emt 0:01:40]} Nc4 {[%emt 0:01:49]} 40. Bd3 {[%emt 0:00:00]} Nb2 {[%emt 0:00:00]} 41. Ra6+ {[%emt 0:00:44]} Ke7 {[%emt 0:00:09]} 42. Ra3 {[%emt 0:00:17]} Kd6 {[%emt 0:00:07]} 43. Kf1 {[%emt 0:00:24]} Kc5 {[%emt 0:00:08]} 44. Rb3 {[%emt 0:00:50]} Nc4 {[%emt 0:00:07]} 45. Ke2 {[%emt 0:00:22]} Nd6 {[%emt 0:00:06]} 46. f3 {[%emt 0:00:26]} Kc6 {[%emt 0:00:13]} 47. Rb8 {[%emt 0:00:25]} Kd7 {[%emt 0:00:44]} 48. Rg8 {[%emt 0:00:19]} Ke7 {[%emt 0:00:10]} 49. Rxg7+ {[%emt 0:00:11]} Kf6 {[%emt 0:00:07]} 50. Ra7 {[%emt 0:00:19]} Ke6 {[%emt 0:00:16]} 51. Ra6 {[%emt 0:00:18]} Ke7 {[%emt 0:00:06]} 52. Ra7+ {[%emt 0:00:22]} Kf6 {[%emt 0:00:16]} 53. Rd7 {[%emt 0:00:10]} Ke6 {[%emt 0:00:11]} 54. Rh7 {[%emt 0:00:06]} Nf7 {[%emt 0:00:14]} 55. Bg6 {[%emt 0:00:22]} Nd8 {[%emt 0:00:15]} 56. Rxh6 {[%emt 0:00:07]} Kf6 {[%emt 0:00:07]} 57. Bb1+ {[%emt 0:00:28]} Ke7 {[%emt 0:00:05]} 58. Ba2 {[%emt 0:00:17]} Nf7 {[%emt 0:00:26]} 59. Rh7 {[%emt 0:00:09]} Kf6 {[%emt 0:00:05]} 60. Rxf7+ {[%emt 0:00:07]} 1-0

[Event "37th Belgrade Trophy 2024"]
[Site "Belgrade"]
[Date "2024.11.23"]
[Round "1.10"]
[White "Koprivica, Cedo"]
[Black "Cline, Timothy"]
[Result "0-1"]
[WhiteElo "1877"]
[BlackElo "1846"]
[Annotator "NA RC"]
[PlyCount "70"]
[EventDate "2024.11.23"]
[EventCountry "SRB"]
[SourceTitle "playchess.com"]
[Source "ChessBase"]
[SourceQuality "1"]
[TimeControl "40/5400+30:900+30"]

1. d4 {[%emt 0:00:04]} e5 {[%emt 0:00:05]} 2. dxe5 {[%emt 0:00:38]} Nc6 {[%emt 0:00:29]} 3. Nf3 {[%emt 0:01:19]} Qe7 {[%emt 0:00:24]} 4. Nc3 {[%emt 0:01:03]} Nxe5 {[%emt 0:00:53]} 5. Nxe5 {[%emt 0:00:56]} Qxe5 {[%emt 0:00:09]} 6. g3 {[%emt 0:00:59]} Bb4 {[%emt 0:01:48]} 7. Bd2 {[%emt 0:00:52]} Nf6 {[%emt 0:01:09]} 8. Bg2 {[%emt 0:00:14]} O-O {[%emt 0:02:12]} 9. O-O {[%emt 0:00:17]} c6 {[%emt 0:01:55]} 10. a3 {[%emt 0:00:43]} Ba5 {[%emt 0:00:34]} 11. Bf4 {[%emt 0:02:16]} Qe6 {[%emt 0:03:06]} 12. b4 {[%emt 0:05:09]} Bb6 {[%emt 1:23:46]} 13. Bd6 {[%emt 0:02:26]} Re8 {[%emt 0:00:00]} 14. e3 {[%emt 0:00:10]} Bxe3 {[%emt 0:00:00]} 15. Qd3 {[%emt 0:03:57]} Bb6 {[%emt 0:00:00]} 16. h3 {[%emt 0:01:54]} a5 {[%emt 0:00:00]} 17. Kh2 {[%emt 0:05:13]} axb4 {[%emt 0:00:00]} 18. axb4 {[%emt 0:00:14]} Rxa1 {[%emt 0:00:00]} 19. Rxa1 {[%emt 0:00:07]} Bxf2 {[%emt 0:00:00]} 20. Rf1 {[%emt 0:00:19]} Qe3 {[%emt 0:00:00]} 21. Qf5 {[%emt 0:02:48]} Bxg3+ {[%emt 0:00:00]} 22. Bxg3 {[%emt 0:00:14]} Qxc3 {[%emt 0:00:00]} 23. Qg5 {[%emt 0:03:48]} h6 {[%emt 0:00:00]} 24. Qh4 {[%emt 0:01:02]} Qxc2 {[%emt 0:00:00]} 25. Rf2 {[%emt 0:03:59]} Re2 {[%emt 0:00:00]} 26. Qf4 {[%emt 0:00:51]} Rxf2 {[%emt 0:00:00]} 27. Bxf2 {[%emt 0:00:27]} Nh5 {[%emt 0:00:00]} 28. Qe3 {[%emt 0:01:06]} Kf8 {[%emt 0:00:00]} 29. Qd4 {[%emt 0:07:08]} Qf5 {[%emt 0:00:00]} 30. Be3 {[%emt 0:02:05]} f6 {[%emt 0:00:00]} 31. Kg1 {[%emt 0:03:00]} Qe5 {[%emt 0:00:00]} 32. Qd2 {[%emt 0:00:47]} d5 {[%emt 0:00:00]} 33. b5 {[%emt 0:02:35]} Bd7 {[%emt 0:00:00]} 34. b6 {[%emt 0:02:33]} Ng3 {[%emt 0:00:00]} 35. Bf4 {[%emt 0:03:39]} Ne2+ {[%emt 0:00:00]} 0-1